000
00297nam a22001097a 4500
082
_a
530
_b
GOM/D
100
_a
K.L.GOMBER, K.L. GOGIA
245
_a
PRADEEPS'S FUNDAMENTAL PHYSICS
_b
CLASS XI VOL 1
260
_a
JALANDHAR
_b
PRADEEP PUBLICATIONS
_c
2012
650
_a
PHYSICS FOR CLASS XI
_z
INDIA
942
_c
BK
999
_c
513
_d
513